Forsaken LMS themes and Chase themes. - Statistics

General Stats
  • This quiz has been taken 444 times
  • The average score is 3 of 5
Answer Stats
Hint Answer % Correct
Killer: C00lkidLMS: 007n7 PLEAD
94%
Killer:1x1x1x1LMS:Shedletsky Creation of Hatred
85%
Vanity(Jason) Butcher Vanity
46%
Gasharpoon(John Doe) OBSESSION
19%
Cupcakes(c00lkid) Ready to Die
13%
No matching quizzes found
Score Distribution
Percent of People with Each Score
Percentile by Number Answered
Your Score History
You have not taken this quiz